|
|
|
|
| LEADER |
00000nab#a22000007a#4500 |
| 001 |
arbauad029118 |
| 003 |
AR-BaUAD |
| 005 |
20250711112347.0 |
| 008 |
971110|||||||||###||||||b###|0###a|spa|| |
| 040 |
|
|
|a AR-BaUAD
|c AR-BaUAD
|b spa
|
| 100 |
|
|
|a Falsitta, Daniela
|
| 245 |
|
|
|a Bianchi ma non solo /
|c Daniela Falsitta;
|
| 300 |
0 |
|
|b fot.
|
| 653 |
|
|
|a SIEMENS
|
| 653 |
|
|
|a CANDY
|
| 653 |
|
|
|a ARISTON
|
| 653 |
|
|
|a SMEG
|
| 653 |
|
|
|a IGNIS
|
| 653 |
|
|
|a BAUKNECHT
|
| 653 |
|
|
|a BOSCH
|
| 653 |
|
|
|a GENERAL ELECTRIC
|
| 653 |
|
|
|a MIELE
|
| 653 |
|
|
|a AMANA
|
| 653 |
|
|
|a OCEAN
|
| 653 |
|
|
|a WHIRLPOOL
|
| 653 |
|
|
|a SMALVIC
|
| 653 |
|
|
|a AEG
|
| 653 |
|
|
|a STAR
|
| 653 |
|
|
|a NARDI
|
| 653 |
|
|
|a ELECTROLUX
|
| 653 |
|
|
|a REX
|
| 653 |
|
|
|a SCHOLTES
|
| 653 |
|
|
|a NEFT
|
| 653 |
|
|
|a FABER
|
| 653 |
|
|
|a GAGGENAU
|
| 653 |
|
|
|a BARALDI
|
| 653 |
|
|
|a EQUIPAMIENTO
|
| 653 |
|
|
|a ARTEFACTOS
|
| 653 |
|
|
|a ELECTRODOMESTICOS
|
| 653 |
|
|
|a LAVARROPAS
|
| 653 |
|
|
|a COCINAS
|
| 653 |
|
|
|a HORNOS
|
| 653 |
|
|
|a EXTRACTORES
|
| 653 |
|
|
|a LAVAVAJILLAS
|
| 653 |
|
|
|a DISEÑO INDUSTRIAL
|
| 773 |
0 |
|
|t INTERNI
|g no. 451 [jun. 1995], p. 134-141
|
| 942 |
|
|
|c ARTI
|
| 952 |
|
|
|0 0
|1 0
|4 0
|7 0
|9 74037
|a AR-BAuAD
|b AR-BAuAD
|d 2025-07-11
|l 0
|p AAQA029118
|r 2025-07-11 11:23:47
|w 2025-07-11
|y ARTI
|
| 990 |
|
|
|a DI199
|b TD
|
| 998 |
|
|
|a AAQ
|b BIBUN76
|
| 999 |
|
|
|c 53710
|d 53710
|